[Event "Russian Team Championships 2014 (men)"]
[Site "Sochi (Loo)"]
[Date "2014.04.13"]
[Round "7.19"]
[White "Kamsky, Gata"]
[Black "Jakovenko, Dmitry"]
[Result "0-1"]
[LiveChessVersion "1.4.2"]
[BlackElo "2726"]
[WhiteElo "2714"]
[BlackTeam "Ugra"]
[WhiteTeam "Ladja"]

1. e4 {[%clk 1:30:57]} e5 {[%clk 1:30:07]} 2. Nf3 {[%clk 1:31:14]} Nc6
{[%clk 1:30:31]} 3. Bc4 {[%clk 1:30:21]} Bc5 {[%clk 1:29:41]} 4. c3
{[%clk 1:30:11]} Nf6 {[%clk 1:29:43]} 5. d3 {[%clk 1:30:35]} d6 {[%clk 1:28:44]}
6. O-O {[%clk 1:30:08]} a6 {[%clk 1:24:34]} 7. Bb3 {[%clk 1:29:29]} Ba7
{[%clk 1:24:08]} 8. Re1 {[%clk 1:28:58]} O-O {[%clk 1:24:16]} 9. h3
{[%clk 1:29:24]} h6 {[%clk 1:23:34]} 10. Nbd2 {[%clk 1:29:14]} Re8
{[%clk 1:23:59]} 11. Nf1 {[%clk 1:24:44]} Be6 {[%clk 1:24:03]} 12. Ng3
{[%clk 1:12:55]} Bxb3 {[%clk 1:23:22]} 13. Qxb3 {[%clk 1:12:29]} Rb8
{[%clk 1:21:25]} 14. a4 {[%clk 1:03:36]} d5 {[%clk 1:15:17]} 15. Qc2
{[%clk 1:02:15]} a5 {[%clk 1:13:32]} 16. Bd2 {[%clk 0:52:30]} Qd7
{[%clk 1:10:41]} 17. b4 {[%clk 0:52:47]} axb4 {[%clk 1:08:40]} 18. cxb4
{[%clk 0:53:10]} Nd4 {[%clk 1:07:50]} 19. Nxd4 {[%clk 0:53:26]} Bxd4
{[%clk 1:08:15]} 20. Rab1 {[%clk 0:36:23]} Rbd8 {[%clk 1:01:41]} 21. Re2
{[%clk 0:32:58]} c6 {[%clk 0:37:53]} 22. Kh2 {[%clk 0:31:29]} Rc8
{[%clk 0:30:21]} 23. Nf5 {[%clk 0:27:28]} Ba7 {[%clk 0:30:03]} 24. Rb3
{[%clk 0:25:15]} d4 {[%clk 0:23:42]} 25. a5 {[%clk 0:24:41]} b5 {[%clk 0:23:30]}
26. Re1 {[%clk 0:24:20]} Qe6 {[%clk 0:23:40]} 27. Qd1 {[%clk 0:23:06]} Kh7
{[%clk 0:23:05]} 28. Rb2 {[%clk 0:22:59]} Ng8 {[%clk 0:17:22]} 29. f4
{[%clk 0:17:31]} Bb8 {[%clk 0:09:50]} 30. Qf3 {[%clk 0:17:47]} Qf6
{[%clk 0:09:38]} 31. Rf1 {[%clk 0:17:54]} c5 {[%clk 0:09:43]} 32. bxc5
{[%clk 0:18:07]} Rxc5 {[%clk 0:10:11]} 33. fxe5 {[%clk 0:15:12]} Bxe5+
{[%clk 0:10:05]} 34. Kg1 {[%clk 0:13:52]} Rec8 {[%clk 0:08:29]} 35. Qg4
{[%clk 0:13:36]} Rc2 {[%clk 0:07:07]} 36. Rfb1 {[%clk 0:05:27]} g6
{[%clk 0:02:36]} 37. Ng3 {[%clk 0:05:33]} h5 {[%clk 0:01:32]} 38. Nxh5
{[%clk 0:05:59]} gxh5 {[%clk 0:01:57]} 39. Qxh5+ {[%clk 0:06:23]} Nh6
{[%clk 0:01:14]} 40. Rf1 {[%clk 0:32:23]} Qg6 {[%clk 0:30:36]} 41. Qxg6+
{[%clk 0:26:48]} Kxg6 {[%clk 0:29:07]} 42. Rfb1 {[%clk 0:25:59]} f6
{[%clk 0:26:59]} 43. Kf1 {[%clk 0:23:34]} Nf7 {[%clk 0:19:41]} 44. Ke1
{[%clk 0:23:31]} Rxb2 {[%clk 0:15:28]} 45. Rxb2 {[%clk 0:23:57]} Nd6
{[%clk 0:15:40]} 46. Kd1 {[%clk 0:15:58]} Kf7 {[%clk 0:15:18]} 47. Rc2
{[%clk 0:15:02]} Rg8 {[%clk 0:12:26]} 48. g4 {[%clk 0:07:59]} Ke6
{[%clk 0:12:21]} 49. Bb4 {[%clk 0:03:36]} Kd7 {[%clk 0:11:49]} 50. Rc5
{[%clk 0:03:53]} Rh8 {[%clk 0:07:12]} 51. g5 {[%clk 0:04:19]} Rxh3
{[%clk 0:07:28]} 52. gxf6 {[%clk 0:04:46]} Ke6 {[%clk 0:07:47]} 53. Kc2
{[%clk 0:05:09]} Bxf6 {[%clk 0:03:54]} 54. a6 {[%clk 0:05:21]} Rh8
{[%clk 0:03:47]} 55. Rd5 {[%clk 0:03:47]} Be5 {[%clk 0:02:46]} 56. Bxd6
{[%clk 0:03:11]} Bxd6 {[%clk 0:03:13]} 57. Rxb5 {[%clk 0:03:38]} Rc8+
{[%clk 0:03:31]} 58. Kb2 {[%clk 0:03:56]} Bc5 {[%clk 0:03:39]} 59. Kb3
{[%clk 0:03:07]} Kd6 {[%clk 0:03:25]} 60. Rb7 {[%clk 0:02:39]} Rc6
{[%clk 0:01:54]} 61. Rh7 {[%clk 0:02:40]} Rb6+ {[%clk 0:02:17]} 62. Kc2
{[%clk 0:03:06]} Rb8 {[%clk 0:01:13]} 63. Rh6+ {[%clk 0:02:26]} Kc7
{[%clk 0:01:41]} 64. Rg6 {[%clk 0:01:11]} Ba7 {[%clk 0:01:25]} 65. Rh6
{[%clk 0:00:58]} Rb5 {[%clk 0:01:46]} 66. Rg6 {[%clk 0:00:54]} Rb4
{[%clk 0:01:12]} 67. e5 {[%clk 0:01:03]} Rb8 {[%clk 0:01:18]} 68. e6
{[%clk 0:00:55]} Bc5 {[%clk 0:01:29]} 69. Rh6 {[%clk 0:01:10]} Kd6
{[%clk 0:01:12]} 70. Rg6 {[%clk 0:01:23]} Re8 {[%clk 0:00:56]} 71. e7+
{[%clk 0:01:27]} Kc7 {[%clk 0:00:47]} 72. Kb3 {[%clk 0:00:56]} Rxe7
{[%clk 0:01:11]} 73. Kc4 {[%clk 0:01:24]} Ba7 {[%clk 0:01:34]} 74. Rh6
{[%clk 0:01:18]} Rd7 {[%clk 0:01:50]} 75. Rh1 {[%clk 0:00:41]} Rd6
{[%clk 0:01:47]} 76. Ra1 {[%clk 0:01:07]} Rc6+ {[%clk 0:02:05]} 77. Kd5
{[%clk 0:01:35]} Rc5+ {[%clk 0:02:13]} 78. Ke4 {[%clk 0:01:59]} Kd6
{[%clk 0:02:30]} 79. Rh1 {[%clk 0:01:54]} Re5+ {[%clk 0:02:53]} 80. Kf4
{[%clk 0:02:23]} Re7 {[%clk 0:03:15]} 81. Rb1 {[%clk 0:02:37]} Kc6
{[%clk 0:03:29]} 82. Kf5 {[%clk 0:03:00]} Bb6 {[%clk 0:03:22]} 83. Ra1
{[%clk 0:02:26]} Kb5 {[%clk 0:03:40]} 84. Ra2 {[%clk 0:01:48]} Ra7
{[%clk 0:04:02]} 85. Ke5 {[%clk 0:01:52]} Rxa6 {[%clk 0:04:26]} 86. Rb2+
{[%clk 0:02:20]} Kc6 {[%clk 0:04:50]} 87. Kxd4 0-1

[Event "Russian Team Championships 2014 (men)"]
[Site "Sochi (Loo)"]
[Date "2014.04.13"]
[Round "7.21"]
[White "Artemiev, Vladislav"]
[Black "Inarkiev, Ernesto"]
[Result "1/2-1/2"]
[LiveChessVersion "1.4.2"]
[BlackElo "2691"]
[WhiteElo "2636"]
[BlackTeam "Ugra"]
[WhiteTeam "Ladja"]

1. c4 {[%clk 1:30:47]} c5 {[%clk 1:30:35]} 2. Nf3 {[%clk 1:30:54]} Nc6
{[%clk 1:30:13]} 3. d4 {[%clk 1:31:01]} cxd4 {[%clk 1:30:36]} 4. Nxd4
{[%clk 1:31:17]} Nf6 {[%clk 1:30:30]} 5. Nc3 {[%clk 1:31:21]} e6 {[%clk 1:29:42]}
6. a3 {[%clk 1:31:23]} Bc5 {[%clk 1:27:14]} 7. Nb3 {[%clk 1:31:32]} Be7
{[%clk 1:27:41]} 8. e4 {[%clk 1:31:34]} O-O {[%clk 1:28:06]} 9. Be2
{[%clk 1:31:45]} b6 {[%clk 1:28:30]} 10. O-O {[%clk 1:31:44]} Bb7
{[%clk 1:28:57]} 11. Be3 {[%clk 1:31:40]} d6 {[%clk 1:29:02]} 12. f4
{[%clk 1:29:55]} Rc8 {[%clk 1:25:55]} 13. Qd3 {[%clk 1:28:31]} Nd7
{[%clk 1:14:49]} 14. Rad1 {[%clk 1:24:44]} Nc5 {[%clk 1:11:02]} 15. Qc2
{[%clk 1:22:49]} Nxb3 {[%clk 1:03:09]} 16. Qxb3 {[%clk 1:21:35]} Qc7
{[%clk 1:02:54]} 17. Qa2 {[%clk 1:17:50]} Qb8 {[%clk 0:52:42]} 18. b4
{[%clk 1:15:27]} Bf6 {[%clk 0:51:16]} 19. Nb5 {[%clk 1:12:06]} Rcd8
{[%clk 0:44:31]} 20. Qc2 {[%clk 1:05:57]} e5 {[%clk 0:38:13]} 21. fxe5
{[%clk 1:02:29]} Bxe5 {[%clk 0:31:27]} 22. Bh5 {[%clk 0:56:28]} Rd7
{[%clk 0:28:56]} 23. Rf2 {[%clk 0:52:43]} Re7 {[%clk 0:24:52]} 24. Qd2
{[%clk 0:42:58]} Rd8 {[%clk 0:22:15]} 25. Nc3 {[%clk 0:33:53]} Bxc3
{[%clk 0:14:51]} 26. Qxc3 {[%clk 0:34:17]} Ne5 {[%clk 0:14:46]} 27. c5
{[%clk 0:30:58]} dxc5 {[%clk 0:12:27]} 28. Rxd8+ {[%clk 0:29:33]} Qxd8
{[%clk 0:12:56]} 29. Rd2 {[%clk 0:29:34]} Qc7 {[%clk 0:10:44]} 30. bxc5
{[%clk 0:27:43]} h6 {[%clk 0:10:51]} 31. Bd4 {[%clk 0:12:12]} bxc5
{[%clk 0:06:48]} 32. Qxc5 {[%clk 0:11:26]} Nc6 {[%clk 0:04:01]} 33. Qc3
{[%clk 0:01:41]} Nxd4 {[%clk 0:02:00]} 34. Qxc7 {[%clk 0:02:01]} Rxc7
{[%clk 0:02:22]} 35. Rxd4 {[%clk 0:02:26]} Kf8 {[%clk 0:01:33]} 36. Bf3
{[%clk 0:01:37]} Ke7 {[%clk 0:01:56]} 37. Kf2 {[%clk 0:01:31]} Rc5
{[%clk 0:01:38]} 38. Ra4 {[%clk 0:00:49]} a5 {[%clk 0:01:24]} 39. Ke3
{[%clk 0:01:07]} Ba6 {[%clk 0:01:19]} 40. Be2 {[%clk 0:30:39]} Bxe2
{[%clk 0:31:00]} 41. Kxe2 {[%clk 0:31:05]} Ke6 {[%clk 0:30:24]} 42. Rd4
{[%clk 0:11:55]} Rc2+ {[%clk 0:26:50]} 43. Rd2 {[%clk 0:10:35]} Rxd2+
{[%clk 0:19:48]} 44. Kxd2 {[%clk 0:08:33]} Ke5 {[%clk 0:20:08]} 45. Ke3
{[%clk 0:06:05]} a4 {[%clk 0:20:07]} 46. g3 {[%clk 0:06:10]} h5 {[%clk 0:11:21]}
47. h4 {[%clk 0:02:36]} f6 {[%clk 0:02:05]} 48. Kd3 {[%clk 0:02:54]} f5
{[%clk 0:02:20]} 49. exf5 {[%clk 0:03:18]} Kxf5 {[%clk 0:02:46]} 50. Ke3
{[%clk 0:03:42]} Ke5 {[%clk 0:02:06]} 51. Kd3 {[%clk 0:04:02]} Kf5
{[%clk 0:01:46]} 52. Ke3 {[%clk 0:04:26]} Ke5 {[%clk 0:02:13]} 53. Kd3
{[%clk 0:04:50]} Kd5 {[%clk 0:02:40]} 54. Kc3 {[%clk 0:05:13]} Ke4
{[%clk 0:02:16]} 55. Kb4 {[%clk 0:05:37]} Kf3 {[%clk 0:02:37]} 56. Kxa4
{[%clk 0:05:55]} Kxg3 {[%clk 0:03:01]} 57. Kb5 {[%clk 0:04:42]} Kxh4
{[%clk 0:03:15]} 58. a4 {[%clk 0:05:07]} g5 {[%clk 0:03:37]} 59. a5
{[%clk 0:05:22]} g4 {[%clk 0:04:03]} 60. a6 {[%clk 0:05:37]} g3 {[%clk 0:04:30]}
61. a7 {[%clk 0:05:51]} g2 {[%clk 0:04:56]} 62. a8=Q {[%clk 0:06:09]} g1=Q
{[%clk 0:05:23]} 63. Qe4+ {[%clk 0:05:53]} Qg4 {[%clk 0:05:21]} 64. Qe1+
{[%clk 0:06:10]} Kg5 {[%clk 0:05:33]} 65. Qe7+ {[%clk 0:06:11]} Kh6
{[%clk 0:05:48]} 66. Qf6+ {[%clk 0:05:46]} Qg6 {[%clk 0:06:11]} 67. Qf8+
{[%clk 0:05:24]} Kg5 {[%clk 0:06:30]} 68. Qe7+ {[%clk 0:04:06]} Qf6
{[%clk 0:06:57]} 69. Qe3+ {[%clk 0:04:28]} Qf4 {[%clk 0:05:14]} 70. Qe7+
{[%clk 0:04:36]} Kg6 {[%clk 0:04:35]} 71. Qe8+ {[%clk 0:04:15]} Qf7
{[%clk 0:04:48]} 72. Qd8 {[%clk 0:02:53]} Qf6 {[%clk 0:04:57]} 73. Qe8+
{[%clk 0:02:28]} Kh6 {[%clk 0:05:21]} 74. Kc4 {[%clk 0:02:45]} h4
{[%clk 0:05:27]} 75. Kd3 {[%clk 0:02:04]} Qf1+ {[%clk 0:04:11]} 76. Qe2
{[%clk 0:01:54]} Qb1+ {[%clk 0:04:34]} 77. Ke3 {[%clk 0:01:58]} Qf5
{[%clk 0:04:26]} 78. Qf3 {[%clk 0:02:07]} Qc5+ {[%clk 0:02:54]} 79. Ke2
{[%clk 0:02:26]} Qc4+ {[%clk 0:02:03]} 80. Kf2 {[%clk 0:02:46]} Kg5
{[%clk 0:02:29]} 81. Qe3+ {[%clk 0:03:06]} Qf4+ {[%clk 0:02:37]} 82. Kf3 1/2-1/2

[Event "Russian Team Championships 2014 (men)"]
[Site "Sochi (Loo)"]
[Date "2014.04.13"]
[Round "7.26"]
[White "Oparin, Grigoriy"]
[Black "Goganov, Aleksey"]
[Result "1/2-1/2"]
[LiveChessVersion "1.4.2"]
[BlackElo "2587"]
[WhiteElo "2542"]
[BlackTeam "Club Chigorin"]
[WhiteTeam "Turbonasos"]

1. e4 {[%clk 1:30:53]} e5 {[%clk 1:30:54]} 2. Nf3 {[%clk 1:31:19]} Nc6
{[%clk 1:31:19]} 3. Bb5 {[%clk 1:31:08]} Nf6 {[%clk 1:31:38]} 4. O-O
{[%clk 1:29:51]} Nxe4 {[%clk 1:32:00]} 5. Re1 {[%clk 1:30:12]} Nd6
{[%clk 1:32:23]} 6. Nxe5 {[%clk 1:30:25]} Be7 {[%clk 1:32:47]} 7. Bf1
{[%clk 1:30:15]} O-O {[%clk 1:28:48]} 8. d4 {[%clk 1:29:18]} Nf5 {[%clk 1:28:54]}
9. Nf3 {[%clk 1:27:31]} d5 {[%clk 1:28:43]} 10. c3 {[%clk 1:27:07]} Be6
{[%clk 1:18:49]} 11. Bd3 {[%clk 1:23:31]} g6 {[%clk 1:07:38]} 12. Nbd2
{[%clk 1:21:56]} Ng7 {[%clk 0:57:50]} 13. Nf1 {[%clk 1:20:18]} f6
{[%clk 0:57:29]} 14. Bh6 {[%clk 1:14:35]} Bf7 {[%clk 0:56:05]} 15. h3
{[%clk 1:12:34]} Re8 {[%clk 0:49:08]} 16. N3h2 {[%clk 1:10:59]} Bd6
{[%clk 0:43:49]} 17. Ne3 {[%clk 1:02:10]} Nh5 {[%clk 0:41:52]} 18. Qg4
{[%clk 0:52:30]} Kh8 {[%clk 0:39:37]} 19. Qf3 {[%clk 0:42:44]} Ne7
{[%clk 0:35:44]} 20. Neg4 {[%clk 0:38:46]} Ng8 {[%clk 0:36:02]} 21. Bd2
{[%clk 0:39:08]} Rxe1+ {[%clk 0:35:09]} 22. Rxe1 {[%clk 0:39:31]} Qf8
{[%clk 0:35:26]} 23. Nf1 {[%clk 0:37:16]} c6 {[%clk 0:29:35]} 24. Ng3
{[%clk 0:32:08]} Nxg3 {[%clk 0:29:50]} 25. fxg3 {[%clk 0:32:34]} Kg7
{[%clk 0:20:55]} 26. Bf4 {[%clk 0:10:10]} Bxf4 {[%clk 0:17:36]} 27. gxf4
{[%clk 0:10:08]} Re8 {[%clk 0:18:01]} 28. Rxe8 {[%clk 0:09:57]} Qxe8
{[%clk 0:18:26]} 29. Qe3 {[%clk 0:09:40]} h5 {[%clk 0:18:16]} 30. Qxe8
{[%clk 0:09:46]} Bxe8 {[%clk 0:18:42]} 31. Ne3 {[%clk 0:10:12]} Bd7
{[%clk 0:16:08]} 32. h4 {[%clk 0:10:04]} Nh6 {[%clk 0:16:19]} 33. Kf2
{[%clk 0:10:23]} Bf5 {[%clk 0:13:37]} 34. Bxf5 {[%clk 0:10:35]} Nxf5
{[%clk 0:14:02]} 35. Nxf5+ {[%clk 0:11:00]} gxf5 {[%clk 0:14:27]} 36. Ke3
{[%clk 0:11:25]} Kf7 {[%clk 0:14:31]} 37. Kd3 {[%clk 0:11:49]} Ke6
{[%clk 0:14:56]} 38. Ke3 {[%clk 0:12:16]} Kd6 {[%clk 0:15:23]} 39. Kd3
{[%clk 0:12:43]} Ke6 {[%clk 0:15:49]} 40. Ke3 {[%clk 0:43:10]} Ke5 41. Ke4+
1/2-1/2

[Event "Russian Team Championships 2014 (men)"]
[Site "Sochi (Loo)"]
[Date "2014.04.13"]
[Round "7.34"]
[White "Okara, Andrey"]
[Black "Nozdrachev, Leonid"]
[Result "1/2-1/2"]
[LiveChessVersion "1.4.2"]
[BlackElo "2413"]
[WhiteElo "2347"]
[BlackTeam "Moscow region"]
[WhiteTeam "Yamal"]

1. e4 {[%clk 1:30:51]} c5 {[%clk 1:30:58]} 2. Nf3 {[%clk 1:31:09]} d6
{[%clk 1:31:25]} 3. d4 {[%clk 1:29:58]} cxd4 {[%clk 1:31:53]} 4. Nxd4
{[%clk 1:30:22]} Nf6 {[%clk 1:32:20]} 5. Nc3 {[%clk 1:30:45]} a6 {[%clk 1:32:46]}
6. f4 {[%clk 1:28:18]} e5 {[%clk 1:31:14]} 7. Nf3 {[%clk 1:28:42]} Nbd7
{[%clk 1:29:48]} 8. Bd3 {[%clk 1:24:26]} Be7 {[%clk 1:29:49]} 9. O-O
{[%clk 1:24:34]} exf4 {[%clk 1:23:47]} 10. Bxf4 {[%clk 1:19:58]} Nc5
{[%clk 1:18:35]} 11. Qe1 {[%clk 1:13:14]} O-O {[%clk 1:18:05]} 12. Kh1
{[%clk 1:05:18]} Be6 {[%clk 1:02:59]} 13. Nd4 {[%clk 1:01:33]} Qd7
{[%clk 0:48:35]} 14. Rd1 {[%clk 0:55:57]} Nxd3 {[%clk 0:44:29]} 15. Rxd3
{[%clk 0:48:20]} Bc4 {[%clk 0:40:00]} 16. Nf5 {[%clk 0:48:32]} Bxd3
{[%clk 0:38:11]} 17. cxd3 {[%clk 0:48:57]} Kh8 {[%clk 0:34:59]} 18. Be3
{[%clk 0:38:19]} Ne8 {[%clk 0:25:21]} 19. Nd5 {[%clk 0:35:23]} Bd8
{[%clk 0:25:06]} 20. Qd1 {[%clk 0:28:04]} Rc8 {[%clk 0:21:58]} 21. Rf3
{[%clk 0:24:21]} f6 {[%clk 0:20:01]} 22. Bd4 {[%clk 0:21:36]} Qf7
{[%clk 0:17:53]} 23. Bc3 {[%clk 0:16:31]} Rc5 {[%clk 0:17:24]} 24. Rh3
{[%clk 0:15:30]} g6 {[%clk 0:15:07]} 25. Nfe3 {[%clk 0:15:43]} Nc7
{[%clk 0:13:25]} 26. Rf3 {[%clk 0:11:36]} Nxd5 {[%clk 0:13:04]} 27. Nxd5
{[%clk 0:11:57]} Rxd5 {[%clk 0:12:47]} 28. exd5 {[%clk 0:12:22]} Qxd5
{[%clk 0:12:57]} 29. a3 {[%clk 0:11:29]} Kg8 {[%clk 0:12:15]} 30. Qe2
{[%clk 0:11:20]} f5 {[%clk 0:08:32]} 31. Re3 {[%clk 0:11:32]} Bf6
{[%clk 0:08:03]} 32. Bxf6 {[%clk 0:08:44]} Rxf6 {[%clk 0:08:30]} 33. h3
{[%clk 0:08:58]} f4 {[%clk 0:05:46]} 34. Re8+ {[%clk 0:07:46]} Kg7
{[%clk 0:05:46]} 35. Re7+ {[%clk 0:04:45]} Rf7 {[%clk 0:05:41]} 36. Re4
{[%clk 0:04:58]} Qf5 {[%clk 0:04:14]} 37. a4 {[%clk 0:03:41]} f3 {[%clk 0:01:47]}
38. Qxf3 {[%clk 0:04:01]} Qxf3 {[%clk 0:02:08]} 39. gxf3 {[%clk 0:04:28]} Rxf3
{[%clk 0:01:48]} 40. Kg2 {[%clk 0:34:51]} Rxd3 {[%clk 0:30:59]} 41. Re7+
{[%clk 0:35:13]} Kf6 {[%clk 0:30:51]} 42. Rxb7 {[%clk 0:35:33]} h5
{[%clk 0:27:38]} 43. Rb6 {[%clk 0:33:52]} Ke5 {[%clk 0:26:48]} 44. b4
{[%clk 0:31:07]} Rd4 {[%clk 0:25:13]} 45. Kf3 {[%clk 0:30:00]} g5
{[%clk 0:24:58]} 46. a5 {[%clk 0:27:55]} Rc4 {[%clk 0:20:09]} 47. Rxa6
{[%clk 0:23:56]} Rxb4 {[%clk 0:20:31]} 48. Ra8 {[%clk 0:24:20]} Rb3+
{[%clk 0:19:39]} 49. Kg2 {[%clk 0:24:43]} Ra3 {[%clk 0:19:31]} 50. a6
{[%clk 0:25:07]} Kd4 {[%clk 0:14:08]} 51. a7 {[%clk 0:25:21]} d5 {[%clk 0:14:30]}
52. Kh2 {[%clk 0:24:28]} Ra1 {[%clk 0:10:32]} 53. Kg2 {[%clk 0:24:39]} Ra6
{[%clk 0:10:15]} 54. Kg3 {[%clk 0:23:59]} Ra2 {[%clk 0:09:27]} 55. Kf3
{[%clk 0:24:19]} Ra3+ {[%clk 0:08:28]} 56. Kg2 {[%clk 0:24:41]} g4
{[%clk 0:08:06]} 57. hxg4 {[%clk 0:24:50]} hxg4 {[%clk 0:08:31]} 58. Kf2
{[%clk 0:24:37]} Rf3+ {[%clk 0:08:41]} 59. Kg2 {[%clk 0:24:46]} Rf7
{[%clk 0:08:53]} 60. Kg3 {[%clk 0:24:38]} Rg7 {[%clk 0:09:10]} 61. Kf2
{[%clk 0:24:05]} Rd7 {[%clk 0:08:55]} 62. Kg3 {[%clk 0:24:16]} Rg7
{[%clk 0:07:34]} 63. Kf2 {[%clk 0:24:36]} Re7 {[%clk 0:07:43]} 64. Kg3
{[%clk 0:24:30]} Ke4 {[%clk 0:07:18]} 65. Kxg4 {[%clk 0:24:20]} d4
{[%clk 0:07:26]} 66. Kg5 {[%clk 0:24:18]} d3 {[%clk 0:07:26]} 67. Kf6
{[%clk 0:24:09]} Rxa7 {[%clk 0:07:17]} 68. Rxa7 {[%clk 0:24:23]} d2
{[%clk 0:07:41]} 69. Ke5+ {[%clk 0:22:17]} 1/2-1/2